000 00911cam a22002413 4500
999 _c126630
_d126630
001 14516740
003 ARRUPE
005 20170810120801.0
008 060824s1953 enkabc 001 0 eng
010 _a 53001802
040 _aDLC
_cDLC
_dDLC
042 _apremarc
043 _ae-it---
_aff-----
050 0 0 _aD766.82
_b.R57 1953a
082 0 _a940.542
100 1 _aRommel, Erwin,
_d1891-1944.
_929069
245 0 4 _aThe Rommel papers,
_cedited by B.H. Liddell Hart, with the assistance of Lucie-Maria Rommel, Manfred Rommel, and Fritz Bayerlein. Translated by Paul Findlay.
260 _aLondon,
_bCollins,
_c1953.
300 _axxx, 545 p.
_billus., ports., maps (2 fold.)
_c22 cm.
650 0 _aWorld War, 1939-1945
_xCampaigns
_zAfrica, North.
_95975
650 0 _aWorld War, 1939-1945
_xCampaigns
_zItaly.
_934707
700 1 _aLiddell Hart, Basil Henry,
_cSir,
_d1895-1970,
_eed.
_934708
906 _a0
_bcbc
_cpremver
_du
_encip
_f19
_gy-gencatlg
942 _2lcc
_cMONOGRAPH